Astronomical Symbols of Space - Statistics

General Stats
  • This quiz has been taken 8 times
  • The average score is 11 of 20
Answer Stats
Picture Answer % Correct
Jupiter
100%
Mars
100%
Saturn
100%
Venus
100%
Earth
88%
Mercury
88%
Sun
88%
Neptune
75%
Pluto
75%
Uranus
75%
Luna
50%
Ceres
38%
Eris
38%
Sedna
38%
Haumea
25%
Makemake
25%
Vesta
13%
Gonggong
0%
Orcus
0%
Quaoar
0%
No matching quizzes found
Score Distribution
Percent of People with Each Score
Percentile by Number Answered
Your Score History
You have not taken this quiz